Normal view
MARC view
Entry Término temático
001 - NÚMERO DE CONTROL
- campo de control: 22164
003 - IDENTIFICADOR DEL NÚMERO DE CONTROL
- campo de control: FranzMayer
005 - FECHA Y HORA DE LA ÚLTIMA TRANSACCIÓN
- campo de control: 20190320210445.0
008 - DATOS DE LONGITUD FIJA
- campo de control de longitud fija: 190320|| aca||aabn | a|a d
040 ## - FUENTE DE LA CATALOGACIÓN
- Centro catalogador/agencia de origen: FranzMayer
- Centro/agencia transcriptor: FranzMayer
150 ## - ENCABEZAMIENTO--TÉRMINO DE MATERIA
- Término de materia o nombre geográfico como elemento de entrada: Oficio divino
670 ## - FUENTE DE DATOS ENCONTRADOS
- Cita de la fuente: Work cat.: (FranzMayer): Officia sanctorum in breviario Romano, ex mandato summorum pontificum noviteÌr apponenda taÌm de praecepto, quaÌm ad libitum recitanda, et alia, quae generaliter in Hispania Et aliis locis particularibus recitari possunt, prout in suis Decretis continetur, juxta Rubricas ejusdem Breviarii Romani, 1788